00485nam a22001577a 450000500170000001000170001702000260003403700170006008200060007710000200008324500830010326000300018627000390021627000450025530000270030020130816155037.0 aB-523700-702 a81-902734-7-7c200.00 adplbKKP/Ven aS aKhatri, Vikas S aMiddle Eastren Folk Tales:cby Vikas S KhatribAli Baba and The Forty Thieves/ aU.P.bOriental Publishers aG-10, First Floor Sector-22, Noida aG-10, First Floor Sector-22, NoidabU.P. a152p.bill.c18cm.(Hb)